000 00275nam a2200121Ia 4500
005 20251222152721.0
008 251222s9999||||xx |||||||||||||| ||spa||
082 _a612/G97
100 _aGuyton
245 0 _aTratado de Fisiología Médica
250 _a5ta.ed.
942 _cLIB
999 _c29577
_d29577